[Event "EU-ch Rapid"]
[Site "Zagreb"]
[Date "2023.12.14"]
[Round "1"]
[White "Ragger, Markus"]
[Black "Kanli, Kaan"]
[Result "1-0"]
[WhiteElo "2601"]
[BlackElo "2030"]
[PlyCount "85"]
[EventDate "2023.12.14"]
[EventType "swiss (rapid)"]
[EventRounds "11"]
[EventCountry "CRO"]
[SourceTitle "CB51_2023"]
[SourceDate "2023.12.20"]
[SourceVersion "1"]
[SourceVersionDate "2023.12.20"]
[SourceQuality "1"]

1. e4 c5 2. Nf3 Nc6 3. Bb5 g6 4. 0-0 Bg7 5. Re1 Nh6 6. c3 0-0 7. h3 a6 8. Bf1 d5 9. e5 f6 10. exf6 exf6 11. d4 cxd4 12. cxd4 Re8 13. Rxe8+ Qxe8 14. Nc3 Be6 15. Bf4 Qd7 16. Na4 Re8 17. Nc5 Qc8 18. Rc1 Bf7 19. Qa4 Qf5 20. Be3 Nd8 21. Be2 Bf8 22. Nh4 Qc8 23. Nd7 Qxc1+ 24. Bxc1 Rxe2 25. Nf3 Nf5 26. Nxf6+ Kg7 27. Ng4 Nc6 28. Ne3 Nfxd4 29. Nxd4 Re1+ 30. Kh2 Rxc1 31. Nxc6 Rxc6 32. Qd4+ Kg8 33. Nxd5 Rd6 34. Nf6+ Kh8 35. Qf4 Re6 36. Ne4 Kg7 37. Ng5 Rf6 38. Qd4 Bd6+ 39. g3 Be7 40. Ne4 Bxa2 41. Qe5 Kf7 42. Nxf6 Bxf6 43. Qc7+ 1-0

[Event "Rheinland Pfalz op 13th"]
[Site "Engers"]
[Date "2023.06.09"]
[Round "4"]
[White "Polster, Christian"]
[Black "Kanli, Kaan"]
[Result "1-0"]
[WhiteElo "2250"]
[BlackElo "2000"]
[PlyCount "21"]
[EventDate "2023.06.08"]
[EventType "swiss"]
[EventRounds "7"]
[EventCountry "GER"]
[SourceTitle "CBM 214 Extra"]
[Source "ChessBase"]
[SourceDate "2023.07.31"]
[SourceVersion "1"]
[SourceVersionDate "2023.07.31"]
[SourceQuality "1"]

1. e4 e5 2. Nc3 Nf6 3. Bc4 Nxe4 4. Qh5 Nd6 5. Bb3 Nc6 6. Nb5 g6 7. Qf3 Nf5 8. g4 e4 9. Qxe4+ Nfe7 10. Qf4 d5 11. Nxc7+ 1-0

[Event "EU-ch Rapid"]
[Site "Katowice"]
[Date "2022.12.17"]
[Round "3"]
[White "Jablonicky, Martin"]
[Black "Kanli, Kaan"]
[Result "1-0"]
[WhiteElo "2388"]
[BlackElo "2006"]
[PlyCount "99"]
[EventDate "2022.12.17"]
[EventType "swiss (rapid)"]
[EventRounds "11"]
[EventCountry "POL"]
[SourceTitle "CBM 211 Extra"]
[Source "ChessBase"]
[SourceDate "2023.01.31"]
[SourceVersion "1"]
[SourceVersionDate "2023.01.31"]
[SourceQuality "1"]

1. e4 e5 2. Nf3 Nc6 3. Nc3 Nf6 4. Bb5 Nd4 5. 0-0 Nxb5 6. Nxb5 c6 7. Nc3 d6 8. d4 Qc7 9. Bg5 Be7 10. h3 0-0 11. a4 b6 12. Bxf6 Bxf6 13. d5 c5 14. Qd3 a6 15. Nd2 Bd7 16. Rfb1 Rfc8 17. Nf1 g6 18. Ne3 Bg7 19. b3 Qb7 20. b4 c4 21. Nxc4 Qc7 22. Nxd6 Qxd6 23. Nd1 b5 24. Ne3 Bh6 25. axb5 axb5 26. Rxa8 Rxa8 27. Ng4 Bg5 28. Qc3 Bxg4 29. hxg4 Be7 30. Qd3 Qd7 31. c4 bxc4 32. Qxc4 Qxg4 33. b5 Rc8 34. Qd3 Bc5 35. b6 Qf4 36. Qc2 Bxf2+ 37. Qxf2 Qxe4 38. Rd1 Qg4 39. Rb1 Qe4 40. Rd1 Qg4 41. Qd2 Rb8 42. d6 Qd7 43. Qe3 f6 44. Qc5 Kf7 45. Qc7 Rb7 46. Qxd7+ Rxd7 47. b7 Rd8 48. Rc1 Rb8 49. d7 Ke7 50. Rc8 1-0

[Event "EU-ch Rapid"]
[Site "Katowice"]
[Date "2022.12.17"]
[Round "5"]
[White "Voege, Tobias"]
[Black "Kanli, Kaan"]
[Result "1-0"]
[WhiteElo "2300"]
[BlackElo "2006"]
[PlyCount "85"]
[EventDate "2022.12.17"]
[EventType "swiss (rapid)"]
[EventRounds "11"]
[EventCountry "POL"]
[SourceTitle "CBM 211 Extra"]
[Source "ChessBase"]
[SourceDate "2023.01.31"]
[SourceVersion "1"]
[SourceVersionDate "2023.01.31"]
[SourceQuality "1"]

1. d4 Nf6 2. c4 e6 3. Nc3 Bb4 4. Nf3 b6 5. Bg5 h6 6. Bh4 g5 7. Bg3 Bb7 8. e3 Ne4 9. Qc2 Bxc3+ 10. bxc3 d6 11. Bd3 f5 12. c5 Nxg3 13. hxg3 bxc5 14. dxc5 Bxf3 15. gxf3 Nd7 16. Bb5 Kf7 17. cxd6 cxd6 18. Rd1 Ne5 19. f4 gxf4 20. gxf4 Ng4 21. Qd2 Qa5 22. Be2 Nf6 23. f3 d5 24. Kf2 Rac8 25. Rb1 Rc7 26. Rb3 h5 27. Qd4 Rhc8 28. Rhb1 Qxa2 29. Rb8 Qa5 30. c4 Rxb8 31. Rxb8 Qc5 32. Qd1 Rc8 33. Rb7+ Rc7 34. Rb8 Rc8 35. Rb5 Qe7 36. cxd5 Nxd5 37. Qh1 h4 38. Qb1 Nc3 39. Rxf5+ Kg7 40. Qg1+ Kh6 41. Rg5 Nxe2 42. Qg4 Ng3 43. Qxh4+ 1-0

[Event "TUR-chT"]
[Site "Izmir"]
[Date "2016.08.03"]
[Round "11.5"]
[White "Inan, Talha"]
[Black "Kanli, Kaan"]
[Result "0-1"]
[WhiteElo "1340"]
[BlackElo "2004"]
[PlyCount "104"]
[EventDate "2016.07.25"]
[EventType "team-swiss"]
[EventRounds "13"]
[EventCountry "TUR"]
[SourceTitle "CBM 173 Extra"]
[Source "ChessBase"]
[SourceDate "2016.08.29"]
[SourceVersion "1"]
[SourceVersionDate "2016.08.29"]
[SourceQuality "1"]
[WhiteTeam "Kocaeli Buyuksehir Belediyesi"]
[BlackTeam "Deniz Su Aquamatch"]
[WhiteTeamCountry "TUR"]
[BlackTeamCountry "TUR"]

1. e4 e5 2. Nf3 Nc6 3. Bb5 a6 4. Ba4 Nf6 5. 0-0 Be7 6. Re1 b5 7. Bb3 d6 8. a3 0-0 9. d3 Na5 10. Ba2 c5 11. b4 Nc6 12. bxc5 dxc5 13. Bb2 Qd6 14. Nbd2 Be6 15. Bxe6 Qxe6 16. Ng5 Qg4 17. Qxg4 Nxg4 18. Ngf3 f6 19. Nf1 Nd4 20. h3 Nh6 21. Ne3 Nxf3+ 22. gxf3 Nf7 23. h4 Nd8 24. Nf5 Kf7 25. Rad1 Ne6 26. c3 Rfd8 27. Rd2 Rd7 28. Red1 Rad8 29. Kf1 Bf8 30. Bc1 g6 31. Ne3 Nf4 32. d4 exd4 33. cxd4 Rxd4 34. Rxd4 Rxd4 35. Rxd4 cxd4 36. Nc2 Nd3 37. Bd2 Ne5 38. Nxd4 Bxa3 39. f4 Nc4 40. Ke2 Nxd2 41. Kxd2 Bc5 42. Kd3 Bxd4 43. Kxd4 b4 44. Kc4 a5 45. f3 h6 46. Kb3 g5 47. fxg5 hxg5 48. hxg5 fxg5 49. Kc4 Ke6 50. Kb3 Ke5 51. Kc4 g4 52. fxg4 Kxe4 0-1

[Event "TUR-chT"]
[Site "Kocaeli"]
[Date "2015.08.15"]
[Round "13.3"]
[White "Kanli, Kaan"]
[Black "Soysal, Serkan"]
[Result "0-1"]
[WhiteElo "2005"]
[BlackElo "2293"]
[PlyCount "64"]
[EventDate "2015.08.04"]
[EventType "team-tourn"]
[EventRounds "13"]
[EventCountry "TUR"]
[SourceTitle "CBM 167 Extra"]
[Source "ChessBase"]
[SourceDate "2015.09.14"]
[SourceVersion "1"]
[SourceVersionDate "2015.09.14"]
[SourceQuality "1"]
[WhiteTeam "Deniz Su Aquamatch"]
[BlackTeam "Kahramanmaras Buyuksehir"]
[WhiteTeamCountry "TUR"]
[BlackTeamCountry "TUR"]

1. e4 e5 2. Nf3 Nc6 3. Nc3 Nf6 4. d4 d6 5. dxe5 Nxe5 6. Nxe5 dxe5 7. Qxd8+ Kxd8 8. Bc4 Be6 9. Bxe6 fxe6 10. Ke2 a6 11. Rd1+ Bd6 12. b3 Ke7 13. f3 Rad8 14. Bb2 g5 15. Nb1 g4 16. Nd2 gxf3+ 17. gxf3 Rhg8 18. Rg1 Nh5 19. Rg4 Nf4+ 20. Kf1 h5 21. Rg3 b5 22. Rd1 h4 23. Rg4 h3 24. a3 Rdf8 25. Kg1 Rxg4+ 26. fxg4 Rg8 27. Kh1 Rxg4 28. Nf3 Rg2 29. Nxe5 Rxc2 30. Ba1 Bxa3 31. Nf3 Bb2 32. Nd4 Rf2 0-1

[Event "TUR-chT"]
[Site "Kocaeli"]
[Date "2014.08.29"]
[Round "13.5"]
[White "Kanli, Kaan"]
[Black "Khurtsidze, Nino"]
[Result "0-1"]
[WhiteElo "2013"]
[BlackElo "2467"]
[PlyCount "66"]
[EventDate "2014.08.18"]
[EventType "team-tourn"]
[EventRounds "13"]
[EventCountry "TUR"]
[SourceTitle "CBM 162 Extra"]
[Source "ChessBase"]
[SourceDate "2014.10.17"]
[SourceVersion "1"]
[SourceVersionDate "2014.10.17"]
[SourceQuality "1"]
[WhiteTeam "Denizsu Aquamatch"]
[BlackTeam "Akdeniz Belediyesi"]
[WhiteTeamCountry "TUR"]
[BlackTeamCountry "TUR"]

1. e4 c5 2. Nf3 e6 3. d4 cxd4 4. Nxd4 a6 5. Nc3 Qc7 6. Bd3 Nf6 7. 0-0 Be7 8. Be3 b5 9. a3 Bb7 10. Nb3 d6 11. f4 Nbd7 12. Qf3 Nc5 13. Rae1 0-0 14. Bd4 Rac8 15. Qh3 Nxd3 16. cxd3 e5 17. Be3 Qd7 18. Qxd7 Nxd7 19. d4 Nf6 20. fxe5 dxe5 21. dxe5 Nxe4 22. Na5 Ba8 23. Nxe4 Bxe4 24. Bd4 Bd5 25. Rc1 Bg5 26. Rc5 Rfd8 27. b4 Rxc5 28. Bxc5 Ba8 29. Bd6 f6 30. Nb3 fxe5 31. Bxe5 Be3+ 32. Kh1 Rd3 33. Rb1 Bd5 0-1

[Event "TUR-chT"]
[Site "Kocaeli"]
[Date "2014.08.18"]
[Round "1.2"]
[White "Ozkan, Ufuk"]
[Black "Kanli, Kaan"]
[Result "0-1"]
[WhiteElo "1717"]
[BlackElo "2013"]
[PlyCount "108"]
[EventDate "2014.08.18"]
[EventType "team-tourn"]
[EventRounds "13"]
[EventCountry "TUR"]
[SourceTitle "CBM 162 Extra"]
[Source "ChessBase"]
[SourceDate "2014.10.17"]
[SourceVersion "1"]
[SourceVersionDate "2014.10.17"]
[SourceQuality "1"]
[WhiteTeam "Aliaga Genclik"]
[BlackTeam "Denizsu Aquamatch"]
[WhiteTeamCountry "TUR"]
[BlackTeamCountry "TUR"]

1. d4 Nf6 2. Nf3 e6 3. Bf4 b6 4. e3 Bb7 5. Bd3 Be7 6. Nbd2 d5 7. Ne5 Nbd7 8. h4 Nxe5 9. dxe5 Nd7 10. Qg4 Bf8 11. c3 Nc5 12. Bc2 Ba6 13. 0-0-0 Qd7 14. Nb3 Nxb3+ 15. Bxb3 Qc6 16. Bg3 h5 17. Qf4 Be7 18. Ba4 b5 19. Bc2 b4 20. cxb4 Rb8 21. a3 Bc4 22. Qd4 0-0 23. f3 Qb5 24. b3 Be2 25. Rd2 c5 26. a4 cxd4 27. axb5 Bxb5 28. Rxd4 Bd8 29. Bf2 Bc7 30. f4 g6 31. Rg1 Rfc8 32. g4 hxg4 33. Rxg4 Kf8 34. h5 Be2 35. Rg2 Bxh5 36. Kb2 Bb6 37. Rd2 Bd8 38. Rd4 Bb6 39. Rd2 Bd8 40. Rd4 Be2 41. e4 Bb6 42. Rd2 Bf3 43. Rg3 dxe4 44. Bxb6 axb6 45. Rd4 Rd8 46. Kc3 b5 47. Rxd8+ Rxd8 48. Rg1 Ke7 49. Re1 g5 50. fxg5 Rd5 51. Bxe4 Rxe5 52. Kd4 Rxe4+ 53. Rxe4 Bxe4 54. Kxe4 Kd6 0-1

[Event "TUR-chT"]
[Site "Konya"]
[Date "2012.07.22"]
[Round "13"]
[White "Ozen, Ali"]
[Black "Kanli, Kaan"]
[Result "0-1"]
[WhiteElo "1678"]
[BlackElo "1967"]
[PlyCount "76"]
[EventDate "2012.07.11"]
[EventType "team-tourn"]
[EventRounds "13"]
[EventCountry "TUR"]
[SourceTitle "CBM 149 Extra"]
[Source "ChessBase"]
[SourceDate "2012.08.24"]
[SourceVersion "1"]
[SourceVersionDate "2012.08.24"]
[SourceQuality "1"]
[WhiteTeam "Denizli Pamukkale Uni"]
[BlackTeam "Istanbul Aquamatch"]
[WhiteTeamCountry "TUR"]
[BlackTeamCountry "TUR"]

1. e4 e5 2. Nf3 Nc6 3. Bc4 Nf6 4. Ng5 d5 5. exd5 Na5 6. Bb5+ c6 7. dxc6 bxc6 8. Be2 h6 9. Nf3 e4 10. Ne5 Bd6 11. d4 exd3 12. Nxd3 Qc7 13. b3 0-0 14. Bb2 c5 15. Bxf6 gxf6 16. c4 Be5 17. Nxe5 Qxe5 18. Na3 Re8 19. Nc2 Bb7 20. Ne3 Rad8 21. Qc1 f5 22. 0-0 f4 23. Ng4 Qg7 24. Qxf4 Rxe2 25. Rae1 Ree8 26. Ra1 Re2 27. Rae1 Re6 28. Rxe6 fxe6 29. Nxh6+ Kh7 30. Ng4 Rd4 31. Nf6+ Kg6 32. Qe3 Kxf6 33. f3 Qg5 34. Qc3 Qd2 35. Qa1 Nc6 36. Qb1 Rd3 37. g4 Nd4 38. g5+ Kxg5 0-1

[Event "TUR-chT"]
[Site "Konya"]
[Date "2012.07.20"]
[Round "11"]
[White "Kucuk, Dogukan"]
[Black "Kanli, Kaan"]
[Result "0-1"]
[WhiteElo "1858"]
[BlackElo "1967"]
[PlyCount "152"]
[EventDate "2012.07.11"]
[EventType "team-tourn"]
[EventRounds "13"]
[EventCountry "TUR"]
[SourceTitle "CBM 149 Extra"]
[Source "ChessBase"]
[SourceDate "2012.08.24"]
[SourceVersion "1"]
[SourceVersionDate "2012.08.24"]
[SourceQuality "1"]
[WhiteTeam "Antalya Deniz Genclik"]
[BlackTeam "Istanbul Aquamatch"]
[WhiteTeamCountry "TUR"]
[BlackTeamCountry "TUR"]

1. d4 Nf6 2. Nc3 d5 3. Bg5 c5 4. Bxf6 gxf6 5. dxc5 d4 6. Ne4 Qd5 7. Qd3 f5 8. Nc3 Qxc5 9. Qb5+ Qc6 10. Nd5 Qxb5 11. Nc7+ Kd8 12. Nxb5 e5 13. 0-0-0 Bd7 14. Na3 Bxa3 15. bxa3 Ke7 16. Nf3 Nc6 17. e3 dxe3 18. fxe3 Rac8 19. Kb2 f6 20. Nd2 Na5 21. e4 Be6 22. exf5 Bxf5 23. Bd3 Bxd3 24. cxd3 Nc6 25. Nb3 Rcd8 26. Rhe1 Rhg8 27. g3 Nd4 28. Re4 Nxb3 29. axb3 Rd7 30. Kc3 Rgd8 31. h3 Ke6 32. g4 Rd4 33. Re3 h5 34. Rg1 hxg4 35. Rxg4 Rc8+ 36. Kd2 Rxg4 37. hxg4 Rh8 38. Kc3 Rh1 39. Re4 Kd5 40. Ra4 a6 41. Rb4 b5 42. Re4 a5 43. Re2 Rg1 44. Rf2 Ke6 45. d4 Rg3+ 46. Kc2 Rxg4 47. dxe5 Kxe5 48. Re2+ Re4 49. Rh2 f5 50. Kd3 Rg4 51. Rh3 Rg8 52. Ke3 Rc8 53. Kd3 Rd8+ 54. Ke3 f4+ 55. Ke2 Ke4 56. Rh4 Rd5 57. Rg4 Rc5 58. Kd2 Rh5 59. Rg8 Rh2+ 60. Kc3 Rh3+ 61. Kc2 Rh5 62. Ra8 Rd5 63. Re8+ Re5 64. Rf8 Ke3 65. Kd1 Kf3 66. Kd2 Re3 67. Ra8 Rxb3 68. Rxa5 Kg2 69. Ra7 f3 70. Rg7+ Kf1 71. Rg5 f2 72. Kd1 Rd3+ 73. Kc2 Rxa3 74. Kd2 b4 75. Rg4 Rf3 76. Rg5 b3 0-1

[Event "EU-Cup 27th"]
[Site "Rogaska Slatina"]
[Date "2011.09.29"]
[Round "5"]
[White "Kanli, Kaan"]
[Black "Trygstad, Kristian J"]
[Result "1/2-1/2"]
[WhiteElo "1945"]
[BlackElo "2342"]
[PlyCount "109"]
[EventDate "2011.09.25"]
[EventType "team-swiss"]
[EventRounds "7"]
[EventCountry "SLO"]
[SourceTitle "CBM 145"]
[Source "ChessBase"]
[SourceDate "2011.11.11"]
[SourceVersion "1"]
[SourceVersionDate "2011.11.11"]
[SourceQuality "1"]
[WhiteTeam "Isek Aquamatch"]
[BlackTeam "Oslo Schakselskap"]
[WhiteTeamCountry "TUR"]
[BlackTeamCountry "NOR"]

1. e4 e6 2. d4 d5 3. Nc3 Nf6 4. e5 Nfd7 5. f4 c5 6. Nf3 Nc6 7. Be3 Be7 8. Qd2 0-0 9. Be2 a6 10. 0-0 b5 11. Nd1 b4 12. c3 a5 13. Nf2 Ba6 14. Nd3 bxc3 15. bxc3 cxd4 16. cxd4 Nb6 17. Nb2 Bxe2 18. Qxe2 Ba3 19. Nd3 Nc4 20. Nd2 Nxd2 21. Qxd2 Rc8 22. Rab1 Qe7 23. Qf2 f5 24. Bc1 Bxc1 25. Rfxc1 Rc7 26. Rc5 Rfc8 27. Rbc1 Nd8 28. Qd2 Nb7 29. Rxc7 Rxc7 30. Rxc7 Qxc7 31. Kf2 Kf7 32. Ke3 Nd8 33. Qb2 Qb7 34. Qxb7+ Nxb7 35. Nc1 Nd8 36. Kd3 Nc6 37. a3 Ke7 38. Ne2 Kd7 39. Nc3 Nd8 40. Nb5 Kc6 41. Nc3 Nb7 42. Kc2 Nd8 43. Kb3 Nb7 44. Na4 Kb5 45. Nc3+ Kb6 46. Na4+ Kb5 47. Nb2 a4+ 48. Kc3 Na5 49. Nd3 Nb3 50. g3 g6 51. Nb2 Na5 52. Kd3 Nb3 53. Kc3 Na5 54. Kd3 Nb3 55. Kc3 1/2-1/2

[Event "TUR-chT"]
[Site "Konya"]
[Date "2011.07.04"]
[Round "7"]
[White "Kanli, Kaan"]
[Black "Shimanov, Aleksandr"]
[Result "0-1"]
[WhiteElo "1919"]
[BlackElo "2583"]
[PlyCount "60"]
[EventDate "2011.06.28"]
[EventType "team-swiss"]
[EventRounds "13"]
[EventCountry "TUR"]
[SourceTitle "CBM 143 Extra"]
[Source "ChessBase"]
[SourceDate "2011.08.29"]
[SourceVersion "1"]
[SourceVersionDate "2011.08.29"]
[SourceQuality "1"]
[WhiteTeam "Isek Aquamatch"]
[BlackTeam "Manisa Doruk Koleji"]
[WhiteTeamCountry "TUR"]
[BlackTeamCountry "TUR"]

1. e4 c5 2. Nf3 e6 3. d4 cxd4 4. Nxd4 a6 5. Nc3 Qc7 6. Bd3 b5 7. 0-0 Bb7 8. Qe2 Bc5 9. Nb3 Be7 10. f4 b4 11. Nb1 d6 12. Be3 Nf6 13. N1d2 0-0 14. c3 a5 15. Rfc1 Qd8 16. cxb4 axb4 17. a4 bxa3 18. bxa3 Nc6 19. Nd4 Nxd4 20. Bxd4 Ra4 21. Rc4 Rxc4 22. Bxc4 d5 23. exd5 Nxd5 24. Qf2 Bh4 25. g3 Be7 26. Bf1 Nf6 27. Bb6 Qd6 28. Bg2 Bxg2 29. Kxg2 Ng4 30. Qd4 Qc6+ 0-1

[Event "TUR-chT"]
[Site "Konya"]
[Date "2011.06.30"]
[Round "3"]
[White "Kanli, Kaan"]
[Black "Aydogdu, Erkmen"]
[Result "0-1"]
[WhiteElo "1919"]
[BlackElo "2031"]
[PlyCount "72"]
[EventDate "2011.06.28"]
[EventType "team-swiss"]
[EventRounds "13"]
[EventCountry "TUR"]
[SourceTitle "CBM 143 Extra"]
[Source "ChessBase"]
[SourceDate "2011.08.29"]
[SourceVersion "1"]
[SourceVersionDate "2011.08.29"]
[SourceQuality "1"]
[WhiteTeam "Isek Aquamatch"]
[BlackTeam "Yesilkoy"]
[WhiteTeamCountry "TUR"]
[BlackTeamCountry "TUR"]

1. e4 c5 2. Nf3 e6 3. d4 cxd4 4. Nxd4 Nf6 5. Nc3 d6 6. Be3 Be7 7. f3 a6 8. Qd2 Qc7 9. g4 Nc6 10. 0-0-0 b5 11. Nxc6 Qxc6 12. Ne2 Bb7 13. Nd4 Qc7 14. g5 Nd7 15. h4 d5 16. Bd3 Ne5 17. Qg2 Nxd3+ 18. Rxd3 dxe4 19. fxe4 Qe5 20. Qh2 Qxh2 21. Rxh2 Bxe4 22. Rdd2 0-0 23. Nb3 Bd5 24. Bf4 Rac8 25. Rhe2 Rfd8 26. Be5 Rc4 27. Rd4 Rxd4 28. Nxd4 f6 29. gxf6 gxf6 30. Bg3 Kf7 31. Nb3 h5 32. Nd2 Rg8 33. Be1 f5 34. a4 Rg1 35. axb5 axb5 36. Nb1 Bxh4 0-1

[Event "TUR-chT"]
[Site "Konya"]
[Date "2010.07.05"]
[Round "8"]
[White "Okay, Arda Efe"]
[Black "Kanli, Kaan"]
[Result "0-1"]
[WhiteElo "1852"]
[BlackElo "1939"]
[PlyCount "134"]
[EventDate "2010.06.29"]
[EventType "team-tourn"]
[EventRounds "13"]
[EventCountry "TUR"]
[SourceTitle "CBM 137 Extra"]
[Source "ChessBase"]
[SourceDate "2010.09.01"]
[SourceVersion "1"]
[SourceVersionDate "2010.09.01"]
[SourceQuality "1"]

1. e4 e5 2. Nf3 Nc6 3. Bb5 a6 4. Ba4 Nf6 5. d3 b5 6. Bb3 Be7 7. Nbd2 0-0 8. 0-0 d6 9. c3 Na5 10. Bc2 c5 11. Re1 Nc6 12. Nf1 h6 13. Ng3 Be6 14. h3 Re8 15. Nh2 Qd7 16. f4 exf4 17. Bxf4 d5 18. e5 Nh7 19. d4 cxd4 20. cxd4 Rac8 21. a3 Nxd4 22. Bd3 Nf5 23. Qb1 Bc5+ 24. Kh1 Nxg3+ 25. Bxg3 Nf8 26. b4 Bd4 27. Ra2 Bc3 28. Rf1 Qc7 29. Nf3 d4 30. Re2 Qc6 31. Nh4 Bxh3 32. Be4 Qe6 33. Nf5 Bxf5 34. Bxf5 Qc4 35. Ref2 Ra8 36. Bc2 Ne6 37. Rxf7 Qe2 38. Bb3 Qh5+ 39. Kg1 Bd2 40. R7f5 Be3+ 41. Bf2 Qg4 42. Bxe3 dxe3 43. R1f4 Qe2 44. Bxe6+ Rxe6 45. Qb3 Rae8 46. Rf8+ Kh7 47. Qb1+ Rg6 48. Qe4 Rxf8 49. Rxf8 Qd1+ 50. Kh2 Qh5+ 51. Kg1 Qd1+ 52. Kh2 e2 53. Qa8 Rxg2+ 54. Kxg2 e1Q 55. Rh8+ Kg6 56. Qe8+ Kg5 57. Qe7+ Kh5 58. Qf7+ g6 59. Rxh6+ Kxh6 60. Qf8+ Kh5 61. Qh8+ Kg4 62. Qc8+ Kf4 63. Qf8+ Kxe5 64. Qe7+ Kd4 65. Qc5+ Kd3 66. Qd5+ Kc2 67. Qa2+ Kc3 0-1

[Event "TUR-chT"]
[Site "Konya"]
[Date "2010.07.02"]
[Round "6"]
[White "Kanli, Kaan"]
[Black "Acarbay, Aydin"]
[Result "1/2-1/2"]
[WhiteElo "1939"]
[BlackElo "1885"]
[PlyCount "120"]
[EventDate "2010.06.29"]
[EventType "team-tourn"]
[EventRounds "13"]
[EventCountry "TUR"]
[SourceTitle "CBM 137 Extra"]
[Source "ChessBase"]
[SourceDate "2010.09.01"]
[SourceVersion "1"]
[SourceVersionDate "2010.09.01"]
[SourceQuality "1"]

1. e4 c5 2. Nf3 d6 3. d4 cxd4 4. Nxd4 Nf6 5. Nc3 a6 6. Bg5 e6 7. f4 Qb6 8. Qd2 Nc6 9. Bxf6 gxf6 10. Nb3 Bd7 11. 0-0-0 0-0-0 12. Be2 h5 13. Rhf1 Kb8 14. Rf3 Ne5 15. Rh3 h4 16. Kb1 Ng6 17. Rd3 Qf2 18. Rf3 Qb6 19. Bf1 Bc6 20. Nd4 Bh6 21. Nxc6+ Qxc6 22. g3 hxg3 23. hxg3 Ne5 24. Rf2 Qb6 25. Qe1 Ng4 26. Re2 Bg7 27. Bg2 Rc8 28. Rd3 Rc4 29. Red2 Rd8 30. Nd1 Rb4 31. Rb3 Rxb3 32. axb3 Nh6 33. Ne3 Bf8 34. Rd3 Be7 35. Qd2 Qc5 36. b4 Qc7 37. b3 b5 38. Rc3 Qb6 39. Rd3 Rc8 40. Kb2 Rg8 41. Nd1 Ng4 42. Qe2 Qg1 43. Rc3 Qd4 44. Ka2 Kb7 45. Rd3 Qxb4 46. c3 Qc5 47. Ne3 Nxe3 48. Rxe3 Rc8 49. Kb2 Kb8 50. Qd3 Bd8 51. b4 Qc6 52. Re2 Be7 53. Rd2 Qb6 54. Qd4 Qxd4 55. Rxd4 Rg8 56. Rd3 Kc7 57. Kc2 Kd7 58. Kd2 Bd8 59. Ke2 Bb6 60. Kf3 Rc8 1/2-1/2

[Event "World ol U16 07th"]
[Site "Mersin"]
[Date "2008.08.23"]
[Round "9"]
[White "Kanli, Kaan"]
[Black "Jefic, Srdjan"]
[Result "1/2-1/2"]
[WhiteElo "1972"]
[BlackElo "2095"]
[PlyCount "116"]
[EventDate "2008.08.17"]
[EventType "team-swiss"]
[EventRounds "10"]
[EventCountry "TUR"]
[SourceTitle "CBM 126 Extra"]
[Source "ChessBase"]
[SourceDate "2008.11.05"]
[SourceVersion "1"]
[SourceVersionDate "2008.11.05"]
[SourceQuality "1"]

1. e4 c6 2. d4 d5 3. Nc3 dxe4 4. Nxe4 Bf5 5. Ng3 Bg6 6. h4 h6 7. Nf3 Nd7 8. h5 Bh7 9. Bd3 Bxd3 10. Qxd3 e6 11. Bf4 Qa5+ 12. Bd2 Qc7 13. 0-0-0 0-0-0 14. Rhe1 Ngf6 15. Qb3 Bd6 16. Ne4 Nxe4 17. Rxe4 Nf6 18. Rh4 Rhe8 19. Qa4 b6 20. Qa6+ Kb8 21. Qe2 Re7 22. Be3 Nd5 23. Bd2 Bf4 24. g3 Bxd2+ 25. Rxd2 Nf6 26. Ne5 Kb7 27. Rh1 Qd6 28. Rhd1 Nd7 29. Rd3 Nb8 30. Qf3 Qc7 31. c3 a5 32. Qe4 Nd7 33. Nxd7 Qxd7 34. Re1 b5 35. f4 Qd5 36. Qxd5 Rxd5 37. Re5 Red7 38. Rde3 Kc7 39. Kc2 Kd6 40. Rxd5+ cxd5 41. Kd3 Rb7 42. Re2 Rb8 43. g4 f6 44. Rf2 Rg8 45. Rh2 e5 46. fxe5+ fxe5 47. dxe5+ Kxe5 48. Rf2 g6 49. hxg6 Rxg6 50. Rf5+ Ke6 51. Rh5 Kd6 52. Kd4 Rxg4+ 53. Kd3 Rg3+ 54. Kd4 Rg4+ 55. Kd3 Rg2 56. Rxh6+ Kc5 57. Ra6 Rxb2 58. Rxa5 Kb6 1/2-1/2

[Event "TUR-chT"]
[Site "Kocaeli"]
[Date "2008.06.24"]
[Round "1"]
[White "Uzun, Sarp"]
[Black "Kanli, Kaan"]
[Result "1/2-1/2"]
[WhiteElo "1988"]
[BlackElo "1972"]
[PlyCount "76"]
[EventDate "2008.06.24"]
[EventType "team"]
[EventRounds "15"]
[EventCountry "TUR"]
[SourceTitle "CBM 125 Extra"]
[Source "ChessBase"]
[SourceDate "2008.09.01"]
[SourceVersion "1"]
[SourceVersionDate "2008.09.01"]
[SourceQuality "1"]

1. e4 e5 2. Nf3 Nc6 3. c3 Nf6 4. d4 Nxe4 5. d5 Nb8 6. Qe2 Nf6 7. Nxe5 Be7 8. Qd3 0-0 9. Be2 d6 10. Nf3 Bg4 11. Qb5 Qc8 12. 0-0 Nbd7 13. h3 Bh5 14. Bg5 Re8 15. Nbd2 Nb6 16. Bxf6 Bxf6 17. Bd3 Bg6 18. Bxg6 hxg6 19. Nc4 a6 20. Qb3 Nxc4 21. Qxc4 Qd7 22. Rfe1 Kf8 23. Rxe8+ Rxe8 24. Re1 Rxe1+ 25. Nxe1 Ke8 26. Qb4 Qb5 27. Qxb5+ axb5 28. Nd3 Kd7 29. Kf1 c6 30. dxc6+ bxc6 31. Ke2 c5 32. Nf4 Kc6 33. Kd3 d5 34. Ne2 Be7 35. Ke3 Bd6 36. Kd3 Be7 37. Ke3 Bd6 38. Kd3 Be7 1/2-1/2

[Event "TUR-ch op"]
[Site "Antalya"]
[Date "2008.02.05"]
[Round "4.43"]
[White "Kanli, Kaan"]
[Black "Tantas, Selim"]
[Result "0-1"]
[WhiteElo "1945"]
[BlackElo "1743"]
[PlyCount "114"]
[EventDate "2008.02.04"]
[EventType "swiss"]
[EventRounds "11"]
[EventCountry "TUR"]
[SourceTitle "CBM 122 Extra"]
[Source "ChessBase"]
[SourceDate "2008.03.04"]
[SourceVersion "1"]
[SourceVersionDate "2008.03.04"]
[SourceQuality "1"]

1. e4 c5 2. Nf3 Nc6 3. d4 cxd4 4. Nxd4 Nf6 5. Nc3 d6 6. f3 a6 7. Be3 e5 8. Nb3 Be6 9. Qd2 d5 10. exd5 Nxd5 11. Nxd5 Qxd5 12. Qxd5 Bxd5 13. 0-0-0 0-0-0 14. Bd3 Kc7 15. c3 Bxb3 16. axb3 g6 17. g4 Bg7 18. b4 Ne7 19. b5 Nd5 20. Bf2 Bh6+ 21. Kb1 a5 22. Bc4 Ne3 23. Bxe3 Bxe3 24. Bxf7 Bf4 25. Bd5 h5 26. h4 hxg4 27. fxg4 b6 28. c4 Rd7 29. Kc2 Rdh7 30. Be6 Be3 31. Rd3 Bd4 32. Rdh3 Rf8 33. R3h2 Kd6 34. Bd5 Rf4 35. Rg2 e4 36. h5 gxh5 37. gxh5 e3 38. Kd3 Kc5 39. Rg6 Re7 40. Rc6+ Kb4 41. h6 e2 42. Re1 Bf2 43. h7 Rd4+ 44. Kc2 Rh4 45. Rc8 Rhxh7 46. Kd2 Bxe1+ 47. Kxe1 Rhg7 48. Rg8 Rxg8 49. Bxg8 Kc5 50. b3 Kd4 51. Bd5 Kd3 52. c5 bxc5 53. b6 Ke3 54. Bc4 Rb7 55. Bxe2 Rxb6 56. Bc4 a4 57. Kd1 axb3 0-1